| 000 | 00557nam a2200229Ia 4500 | ||
|---|---|---|---|
| 003 | OSt | ||
| 005 | 20140313083100.0 | ||
| 008 | 140130s9999 xx 000 0 und d | ||
| 020 | _a9780439102759 | ||
| 050 |
_aPZ 7 _b.W582Ki 2000 |
||
| 100 | _aWhite, Nancy. | ||
| 245 |
_cNancy White. _aMagic School Bus, kicks Up a Storm / |
||
| 260 |
_bScholastic Inc., _c2000. _aUSA : |
||
| 300 |
_a30 p. : _bcol. ill. ; _c26 cm. |
||
| 440 | _v1 | ||
| 521 | _aG1 | ||
| 526 | _c290 | ||
| 942 |
_cBK _2lcc |
||
| 999 |
_c40113 _d40113 |
||